[Event "ICS Rated blitz match"]
[Site "204.178.125.65"]
[Date "1999.08.02"]
[Round "?"]
[White "Hossa"]
[Black "libertad"]
[Result "1-0"]
[WhiteElo "2446"]
[BlackElo "2304"]
[PlyCount "115"]
[EventDate "1999.??.??"]

1. e4 c5 2. Nf3 e6 3. Nc3 d5 4. exd5 exd5 5. d4 Nf6 6. Bg5 Be6 7. Bb5+ Nc6 8.
Ne5 Qb6 9. Bxc6+ bxc6 10. O-O cxd4 11. Na4 Qa6 12. b3 Ne4 13. Bh4 Bd6 14. Qxd4
c5 15. Qd3 Qxd3 16. Nxd3 c4 17. bxc4 dxc4 18. Ndb2 Be5 19. Rae1 Bxb2 20. Rxe4
c3 21. Nc5 O-O 22. Nxe6 fxe6 23. Rfe1 Rae8 24. Rxe6 Rxe6 25. Rxe6 h6 26. Re7
Rf7 27. Re8+ Kh7 28. f3 Rd7 29. Be1 Rd1 30. Kf2 Ra1 31. Ke2 Rxa2 32. Rc8 Ra6
33. Bxc3 Re6+ 34. Kf2 Bc1 35. Rc7 Be3+ 36. Kf1 Rg6 37. h4 Bb6 38. Rb7 h5 39.
Be5 Kg8 40. g3 Kf8 41. Ke2 Re6 42. f4 g6 43. c4 Ke8 44. Rb8+ Kd7 45. Ra8 Kc6
46. Rc8+ Kb7 47. Rf8 a5 48. Kd2 Ka6 49. Kd3 Rc6 50. Rh8 Bc5 51. f5 gxf5 52.
Rxh5 a4 53. Rxf5 a3 54. g4 a2 55. Bc3 Rb6 56. Rxc5 Rb1 57. Ra5+ Kb7 58. Rxa2 {
libertad resigns} 1-0

[Event "ICS Rated standard match"]
[Site "204.178.125.65"]
[Date "1999.08.02"]
[Round "?"]
[White "Secret"]
[Black "Hossa"]
[Result "1-0"]
[WhiteElo "2403"]
[BlackElo "2202"]
[PlyCount "81"]
[EventDate "1999.??.??"]

1. e4 c5 2. Nf3 d6 3. d4 cxd4 4. Nxd4 Nf6 5. Nc3 e6 6. f4 d5 7. exd5 Nxd5 8.
Bb5+ Bd7 9. Nxd5 exd5 10. Qe2+ Be7 11. Nf5 Kf8 12. Bxd7 Qxd7 13. Nxe7 Qxe7 14.
b3 Qxe2+ 15. Kxe2 Na6 16. Rd1 Nc7 17. Ba3+ Kg8 18. h3 Rc8 19. c4 dxc4 20. bxc4
Ne6 21. f5 Nf8 22. Rd3 f6 23. Rad1 Re8+ 24. Re3 Ra8 25. c5 Rc8 26. Re7 b6 27.
c6 Rxc6 28. Rd8 h5 29. Rxa7 Rc2+ 30. Kf3 Rxa2 31. Rxf8+ Kh7 32. Rff7 Rg8 33.
Rfb7 Ra1 34. Kf2 Rb1 35. Bf8 Rb5 36. g4 hxg4 37. hxg4 Rb2+ 38. Kg3 Rb3+ 39. Kh4
Kh8 40. Bxg7+ Rxg7 41. Rxg7 {Hossa resigns} 1-0

[Event "ICS Rated bullet match"]
[Site "204.178.125.65"]
[Date "1999.08.02"]
[Round "?"]
[White "JSBach"]
[Black "Hossa"]
[Result "1-0"]
[WhiteElo "2061"]
[BlackElo "2347"]
[PlyCount "166"]
[EventDate "1999.??.??"]

1. d4 e6 2. Bf4 g5 3. Be5 f6 4. Bg3 h5 5. h4 d5 6. hxg5 fxg5 7. Be5 Nf6 8. e3
Nbd7 9. Bb5 c6 10. Bxf6 Nxf6 11. Be2 g4 12. Nd2 Bd6 13. Bd3 e5 14. Bg6+ Ke7 15.
Qe2 Rh6 16. Qd3 e4 17. Bxe4 dxe4 18. Nxe4 Bf5 19. f3 gxf3 20. gxf3 Qa5+ 21. c3
Qd5 22. O-O-O Qxa2 23. Ne2 Rf8 24. Rdf1 Qe6 25. Rh4 Bxe4 26. fxe4 Qa2 27. e5
Bxe5 28. dxe5 Nd7 29. Rd1 Nxe5 30. Re4 Qe6 31. Qd4 Rf5 32. Nf4 Qd6 33. Qxa7 Qc7
34. Qa3+ Kf7 35. Qb3+ Ke7 36. Qg8 Rhf6 37. Ng6+ Rxg6 38. Qxg6 Rf7 39. Qg5+ Ke6
40. Qg6+ Ke7 41. Qh6 b5 42. Qg5+ Ke6 43. Qxh5 c5 44. Qg6+ Ke7 45. Qg5+ Ke6 46.
Qg4+ Ke7 47. Qg3 Ke6 48. Qg8 Ke7 49. Kb1 b4 50. cxb4 cxb4 51. Red4 Qc5 52. Rc1
Qb6 53. Rg1 Qa5 54. Rgd1 Qc5 55. Qh8 Rf2 56. Qh4+ Rf6 57. Rf4 Qc6 58. Rdf1 Nd7
59. e4 Qd6 60. R1f3 Qd1+ 61. Ka2 Qa4+ 62. Ra3 bxa3 63. b3 Qd4 64. Qh7+ Kd8 65.
Qh8+ Kc7 66. Qh2 Qe5 67. Rh4 Ra6 68. Qe2 Qa5 69. Rh5 Qb6 70. Rd5 Nf6 71. Qc4+
Qc6 72. Rc5 Qxc5 73. Qxc5+ Kb7 74. e5 Ng4 75. Qb5+ Ka7 76. Qd7+ Kb6 77. Qe6+
Kb7 78. Qxg4 Kb6 79. e6 Ra7 80. Qg1+ Kc6 81. Qxa7 Kb5 82. e7 Kc6 83. e8=Q+
83... Kd5 {Hossa resigns} 1-0

[Event "ICS Rated bullet match"]
[Site "204.178.125.65"]
[Date "1999.08.02"]
[Round "?"]
[White "Hossa"]
[Black "JSBach"]
[Result "1-0"]
[WhiteElo "2320"]
[BlackElo "2088"]
[PlyCount "67"]
[EventDate "1999.??.??"]

1. d4 d5 2. c4 dxc4 3. e4 Nf6 4. e5 Nd5 5. Bxc4 e6 6. Nf3 Nc6 7. Bxd5 Qxd5 8.
O-O Be7 9. Nc3 Qc4 10. d5 Nb4 11. d6 cxd6 12. exd6 Bf6 13. Nd2 Qd4 14. Nb5 Qc5
15. Nc7+ Kd8 16. Nb3 Qe5 17. f4 Qe4 18. Re1 Qxe1+ 19. Qxe1 Nc2 20. Qf2 Nxa1 21.
Nxa1 Rb8 22. Qxa7 Kd7 23. Qxb8 Bd4+ 24. Kh1 Kxd6 25. Nb5+ Kc5 26. Nd6 Kc6 27.
Nxf7 Re8 28. Qd6+ Kb5 29. Qxd4 Rg8 30. Qd3+ Kb6 31. Be3+ Ka5 32. Nd6 Bd7 33.
Nxb7+ Ka4 34. Qc4# {JSBach checkmated} 1-0

[Event "ICS Rated blitz match"]
[Site "204.178.125.65"]
[Date "1999.08.02"]
[Round "?"]
[White "Hossa"]
[Black "mundilfari"]
[Result "0-1"]
[WhiteElo "2456"]
[BlackElo "2718"]
[PlyCount "67"]
[EventDate "1999.??.??"]

1. d4 d5 2. e4 c6 3. Bd3 dxe4 4. Bxe4 Nf6 5. Bf3 Bf5 6. Ne2 e6 7. O-O Be7 8.
Ng3 Bg6 9. c4 O-O 10. Nc3 Na6 11. Be3 Qd7 12. Nge4 Nxe4 13. Bxe4 Bxe4 14. Nxe4
f5 15. Nc3 Rad8 16. Qd2 f4 17. Bxf4 Qxd4 18. Qxd4 Rxd4 19. Be3 Rxc4 20. Bxa7
Rb4 21. Rab1 b6 22. Rfd1 Bc5 23. Rd2 Rbf4 24. Nd1 Ra8 25. Bxb6 Bxb6 26. Rd6 Nb8
27. a3 Kf7 28. Rc1 Ra5 29. g3 Rf6 30. Rd3 Rd5 31. Rb3 Nd7 32. Kg2 Rd2 33. Rf3
Rxf3 34. Kxf3 {Hossa resigns} 0-1

[Event "ICS Rated blitz match"]
[Site "204.178.125.65"]
[Date "1999.08.02"]
[Round "?"]
[White "counterplay"]
[Black "Hossa"]
[Result "1-0"]
[WhiteElo "2763"]
[BlackElo "2450"]
[PlyCount "110"]
[EventDate "1999.??.??"]

1. e4 c5 2. Nf3 d6 3. d4 cxd4 4. Nxd4 Nf6 5. Nc3 e5 6. Bb5+ Bd7 7. Bxd7+ Qxd7
8. Nde2 Qg4 9. Nd5 Nxd5 10. Qxd5 Nc6 11. Ng3 Qe6 12. O-O Qxd5 13. exd5 Nb4 14.
c4 f6 15. Bd2 Nd3 16. b3 Kf7 17. Be3 Kg8 18. Rad1 Nb4 19. Rd2 b6 20. f4 Re8 21.
fxe5 fxe5 22. Rdf2 Be7 23. a3 Nd3 24. Rf3 Nc5 25. b4 Nd7 26. Nf5 Bf8 27. Rg3 g6
28. Bh6 b5 29. cxb5 Nb6 30. Bxf8 Rxf8 31. Nxd6 Rxf1+ 32. Kxf1 Kg7 33. Rc3 Nxd5
34. Rc5 Rf8+ 35. Ke1 Nf4 36. Rc7+ Kf6 37. g3 Nd3+ 38. Ke2 Rd8 39. Ne4+ Kf5 40.
Nc5 Nxc5 41. bxc5 Rb8 42. a4 a6 43. b6 h5 44. b7 h4 45. g4+ Ke4 46. c6 Kd5 47.
Rc8 Kc5 48. g5 Kb6 49. Rxb8 Kxc6 50. Rg8 Kxb7 51. Rxg6 Kc7 52. Rxa6 Kd8 53. g6
Ke7 54. Ra7+ Kf8 55. Rf7+ 55... Ke8 {Hossa resigns} 1-0

[Event "ICS Rated blitz match"]
[Site "204.178.125.65"]
[Date "1999.08.02"]
[Round "?"]
[White "mundilfari"]
[Black "Hossa"]
[Result "1-0"]
[WhiteElo "2724"]
[BlackElo "2445"]
[PlyCount "115"]
[EventDate "1999.??.??"]

1. e4 c5 2. Nf3 d6 3. d4 cxd4 4. Nxd4 Nf6 5. Nc3 e5 6. Bb5+ Bd7 7. Bxd7+ Qxd7
8. Nde2 Qg4 9. Nd5 Nxd5 10. Qxd5 Nc6 11. Ng3 Qe6 12. Bd2 Qxd5 13. exd5 Nd4 14.
O-O-O Rc8 15. c3 Nb5 16. Rhe1 f6 17. Re4 g6 18. Rb4 a6 19. a4 Nc7 20. Rxb7 Nxd5
21. Be1 Bh6+ 22. Kc2 Nf4 23. Rxd6 Nxg2 24. Bd2 Bxd2 25. Kxd2 f5 26. Re6+ Kf8
27. Rxe5 Rd8+ 28. Kc2 Nf4 29. Nxf5 Nd3 30. Re3 Nc5 31. Rc7 gxf5 32. Rxc5 f4 33.
Re6 Ra8 34. Rc7 Kg8 35. Ree7 Kf8 36. Rf7+ Ke8 37. Rce7+ Kd8 38. Rd7+ Kc8 39.
Rxh7 Rg8 40. Rdf7 f3 41. Rxf3 Rb8 42. Ra7 Rh8 43. a5 Rb5 44. Ra8+ Rb8 45. Rxa6
Kd7 46. Rf7+ Ke8 47. Raa7 Rxh2 48. a6 Rb6 49. Rae7+ Kd8 50. Rb7 Ke8 51. a7 Ra6
52. Rfc7 Rxf2+ 53. Kb3 Rd2 54. Rh7 Rd7 55. Rbxd7 Rb6+ 56. Kc2 Rxb2+ 57. Kxb2
Kf8 58. a8=Q# {Hossa checkmated} 1-0

[Event "ICS rated blitz match"]
[Site "204.178.125.65"]
[Date "1999.08.02"]
[Round "?"]
[White "Hossa"]
[Black "counterplay"]
[Result "0-1"]
[WhiteElo "2440"]
[BlackElo "2768"]
[Annotator "Fritz 5.32 (19s)"]
[PlyCount "81"]
[EventDate "1999.??.??"]

1. d4 1... Nf6 {Opening = E30 - 4.Bg5(h6 5.Bh4 c5 6.d5 ---)} 2. c4 e6 3. Nc3
Bb4 4. Bg5 c5 5. d5 h6 6. Bxf6 $146 (6. Bh4 Bxc3+ (6... O-O 7. e3 b5 8. dxe6
fxe6 9. cxb5 d5 10. Bd3 a6 11. Nge2 c4 12. Bc2 axb5 13. O-O Nc6 14. Nxb5 e5 15.
b3 Bg4 16. h3 Bh5 17. Bxf6 Rxf6 18. bxc4 dxc4 19. Qxd8+ Nxd8 20. Nec3 Rb6 21.
a4 {Short,N-Aleksandrov,A/EuT-ch, Pula CRO 1997/0-1 (69)}) 7. bxc3 d6 8. Nf3 (
8. f3 Qe7 9. e4 e5 10. Bd3 Nbd7 11. Ne2 Nf8 12. Bf2 h5 13. h4 Ng6 14. Qd2 Bd7
15. Be3 Nh7 16. Ng3 Nxh4 17. Nxh5 O-O-O 18. Qf2 Nf6 19. Nxg7 Nxf3+ 20. Ke2 Nh2
21. Nf5 Qf8 22. Nxd6+ 22... Qxd6 {
Garcia Palermo,C-Giaccio,A/Clarin GP Final, Villa Gisell ARG 1998/0-1 (40)})
8... e5 9. Nd2 Nbd7 10. Qc2 Qe7 11. e3 e4 12. Be2 g5 13. Bg3 Nf8 14. f3 Bf5 15.
O-O-O N8d7 16. h4 O-O-O 17. fxe4 Bxe4 18. Bd3 Bxd3 19. Qxd3 Kc7 20. Rhf1 20...
Ng4 {Fernandez,M-Servat,R/Najdorf Open (3) 1995/0-1 (41)}) 6... Qxf6 7. Qd3
exd5 8. cxd5 O-O 9. e4 d6 10. Qc2 Re8 11. Rd1 $17 (11. Bd3 Qg6 12. Kf1 12... b6
$11) 11... Bxc3+ $15 (11... Qg6 12. f3 $17) 12. bxc3 12... Qe7 $15 (12... Qh4
13. Bd3 $15) 13. f3 {Sichert g4} 13... f5 {Schwarz geht zum Angriff ueber} 14.
Bb5 14... fxe4 $11 (14... Nd7 $5 $15 {sieht spielbar aus}) 15. Bxe8 exf3+ 16.
Kf1 fxg2+ 17. Kxg2 Qxe8 18. Rf1 (18. Nf3 Qh5 19. Qe4 Bh3+ 20. Kg3 20... Bf5 $17
) 18... Na6 (18... Nd7 19. c4 $17) 19. Ne2 (19. Qd3 Nc7 20. c4 b5 21. cxb5
21... Bb7 $19) 19... Qe5 20. Qd3 Nc7 21. c4 b5 22. cxb5 $2 (22. Qf3 $142 22...
bxc4 23. Nc3 $19) 22... Bb7 (22... Qxd5+ 23. Qxd5+ Nxd5 24. Kf2 $17) 23. Kh3
Bxd5 (23... Qxd5 $6 24. Qxd5+ Bxd5 25. Rhg1 Bxa2 26. Nc3 $19) 24. Nc3 (24. Rhg1
Qe6+ 25. Kg3 25... Bc4 $19 (25... Bxa2 $6 26. Nf4 Qb3 27. Qxb3+ Bxb3 28. Rb1
$19)) 24... Qh5+ 25. Kg3 Qg5+ 26. Kf2 Bxh1 27. Rxh1 Rf8+ 28. Ke1 Qc1+ 29. Nd1
Qf4 30. Nc3 30... c4 {Droht Matt: Qf2} 31. Qd2 31... Qf3 {
Mit der Mattdrohung Qxh1} 32. Rg1 Re8+ 33. Ne2 Nxb5 34. Rf1 Qd3 35. Qxd3 35...
cxd3 {Droht Matt} 36. Kd2 36... dxe2 {Mit der Mattdrohung exf1Q} 37. Re1 37...
Nd4 {Droht Matt: Nf3} 38. Kd3 38... Nf3 {Es droht Matt} 39. Rxe2 Rxe2 40. Kxe2
Nxh2 41. Ke3 0-1

[Event "ICS Rated blitz match"]
[Site "204.178.125.65"]
[Date "1999.08.02"]
[Round "?"]
[White "Hossa"]
[Black "mundilfari"]
[Result "0-1"]
[WhiteElo "2436"]
[BlackElo "2729"]
[PlyCount "52"]
[EventDate "1999.??.??"]

1. d4 d5 2. e4 c6 3. f3 e6 4. Bf4 dxe4 5. fxe4 Nf6 6. Qd3 Na6 7. c3 Be7 8. Qf3
Qb6 9. b3 c5 10. Bxa6 Qxa6 11. Ne2 O-O 12. Nd2 cxd4 13. cxd4 Bb4 14. Nc3 e5 15.
Nd5 Nxd5 16. Bxe5 f6 17. Bg3 Re8 18. a4 Bg4 19. Qxg4 Qd3 20. Rd1 Rxe4+ 21. Qxe4
Qxe4+ 22. Kf1 Qd3+ 23. Kg1 Ne3 24. Re1 Bxd2 25. Kf2 Ng4+ 26. Kg1 26... Bxe1 {
Hossa resigns} 0-1

[Event "ICS Rated blitz match"]
[Site "204.178.125.65"]
[Date "1999.08.02"]
[Round "?"]
[White "knightmare51"]
[Black "Hossa"]
[Result "1-0"]
[WhiteElo "2231"]
[BlackElo "2431"]
[PlyCount "111"]
[EventDate "1999.??.??"]

1. e3 g6 2. d4 Bg7 3. Nf3 d5 4. Be2 Nf6 5. O-O O-O 6. c4 dxc4 7. Bxc4 Bg4 8. h3
Bh5 9. g4 Nxg4 10. hxg4 Bxg4 11. Be2 h6 12. Nh2 Bh3 13. Re1 Qd5 14. Bf3 Qg5+
15. Kh1 Bc8 16. e4 Qh4 17. Nc3 Qxf2 18. Be3 Qg3 19. Nd5 Nc6 20. Rg1 Qd6 21. e5
Qd8 22. Qd2 Kh7 23. Rg3 Bf5 24. Rag1 Rg8 25. Nc3 Na5 26. b3 c6 27. Ng4 Bxg4 28.
Bxg4 Qf8 29. Rh3 f5 30. Bd1 Re8 31. Qg2 Qf7 32. Qg5 Rh8 33. Qf4 Qf8 34. Bf3 Rd8
35. Qg3 Qf7 36. Qh2 Qf8 37. Ne2 Rg8 38. Nf4 Qe8 39. Nxg6 f4 40. Bxf4 Qxg6 41.
Rxg6 Kxg6 42. Bh5+ Kh7 43. Qc2+ Kh8 44. Bg6 Rxd4 45. Bxh6 Rgd8 46. Be3+ Kg8 47.
Bxd4 Rxd4 48. Qf5 Rd1+ 49. Kg2 Rd2+ 50. Kf1 Rd1+ 51. Ke2 Rd2+ 52. Kxd2 Nc4+ 53.
bxc4 Bf6 54. exf6 exf6 55. Qxf6 c5 56. Rh8# {Hossa checkmated} 1-0

[Event "ICS Rated blitz match"]
[Site "204.178.125.65"]
[Date "1999.08.02"]
[Round "?"]
[White "GIRONA"]
[Black "Hossa"]
[Result "0-1"]
[WhiteElo "2165"]
[BlackElo "2407"]
[PlyCount "81"]
[EventDate "1999.??.??"]

1. e4 c5 2. Nf3 d6 3. d3 Nc6 4. Nbd2 e5 5. g3 Nge7 6. Bg2 g6 7. O-O Bg7 8. c3
f5 9. Re1 O-O 10. a4 Rb8 11. Nc4 Be6 12. Ng5 Qd7 13. h4 fxe4 14. Nxe4 Nf5 15.
h5 Rbe8 16. a5 Kh8 17. hxg6 hxg6 18. Bg5 Nce7 19. Qa4 Qd8 20. a6 b6 21. Qc2 d5
22. Nxb6 Qxb6 23. Nd2 c4 24. dxc4 Nxg3 25. Nf3 Bf5 26. Qd2 Ne4 27. Qe2 Nxg5 28.
Nxg5 Qf6 29. Nf3 Be4 30. Nh2 Bxg2 31. Kxg2 dxc4 32. Rh1 Qc6+ 33. f3 Kg8 34. Ng4
Nd5 35. Kg3 Nf4 36. Qe4 Nh5+ 37. Kg2 Qxe4 38. fxe4 Nf4+ 39. Kg3 Nd3 40. Rh2 Nc5
41. Ra5 {GIRONA resigns} 0-1

[Event "ICS Rated bullet match"]
[Site "204.178.125.65"]
[Date "1999.08.02"]
[Round "?"]
[White "Beadle"]
[Black "Hossa"]
[Result "1-0"]
[WhiteElo "2454"]
[BlackElo "2327"]
[PlyCount "66"]
[EventDate "1999.??.??"]

1. e4 c5 2. Nf3 d6 3. d4 cxd4 4. Qxd4 Nc6 5. Bb5 a6 6. Bxc6+ bxc6 7. Nc3 e5 8.
Qc4 Ne7 9. Be3 d5 10. Qc5 d4 11. Nxe5 dxe3 12. Rd1 Qc7 13. fxe3 Rb8 14. O-O
Rxb2 15. Rxf7 Rxc2 16. a4 Be6 17. Rf3 Bb3 18. Rd7 Rc1+ 19. Kf2 Qc8 20. Qa5 Rh1
21. h3 Be6 22. Rd6 g6 23. Rf6 Bg8 24. Rd8+ Qxd8 25. Rxf8+ Kxf8 26. Qxd8+ Kg7
27. Qxe7+ Bf7 28. Qxf7+ Kh6 29. Qf6 Rf1+ 30. Kxf1 Rf8 31. Qxf8+ Kh5 32. h4 Kxh4
33. Qh6+ 33... Kg3 {Hossa resigns} 1-0

[Event "ICS Rated blitz match"]
[Site "204.178.125.65"]
[Date "1999.08.02"]
[Round "?"]
[White "Hossa"]
[Black "DemonRook"]
[Result "1-0"]
[WhiteElo "2413"]
[BlackElo "2078"]
[PlyCount "107"]
[EventDate "1999.??.??"]

1. e3 e6 2. d4 a6 3. e4 d5 4. Bd3 c5 5. c3 dxe4 6. Bxe4 Nf6 7. Bg5 Be7 8. Qa4+
Bd7 9. Qc2 Nxe4 10. Bxe7 Qxe7 11. Qxe4 Bc6 12. Qg4 O-O 13. dxc5 Qxc5 14. Ne2
Nd7 15. b4 Qe5 16. Nd2 Nf6 17. Qh3 Rad8 18. Rd1 Ne4 19. Qe3 Qf5 20. Nd4 Qg6 21.
Nxc6 bxc6 22. Nxe4 Rxd1+ 23. Kxd1 Rd8+ 24. Ke2 Qh5+ 25. f3 Qb5+ 26. Kf2 Qc4 27.
Qe2 Qd5 28. Qxa6 f5 29. Ng3 Qd2+ 30. Ne2 f4 31. Ra1 Qe3+ 32. Kf1 Rd2 33. Qc8+
Kf7 34. Qc7+ Kf8 35. Qxf4+ Qxf4 36. Nxf4 Ke7 37. Ke1 Rd7 38. a4 g5 39. Ne2 Kd6
40. Rd1+ Kc7 41. Rxd7+ Kxd7 42. Ng3 Kc7 43. a5 Kb7 44. Ne4 Ka6 45. Nxg5 e5 46.
Nxh7 Kb5 47. g4 Kc4 48. a6 Kxc3 49. g5 Kxb4 50. a7 Kc5 51. a8=Q Kd5 52. g6 Kd4
53. Qxc6 Ke3 54. Qe4# {DemonRook checkmated} 1-0

[Event "ICS rated blitz match"]
[Site "204.178.125.65"]
[Date "1999.08.02"]
[Round "?"]
[White "counterplay"]
[Black "Hossa"]
[Result "1-0"]
[WhiteElo "2772"]
[BlackElo "2417"]
[PlyCount "47"]
[EventDate "1999.??.??"]

1. e4 c5 2. Nf3 d6 3. d4 cxd4 4. Nxd4 Nf6 5. Nc3 e5 6. Nf3 Nc6 7. Be2 Be7 8.
Bg5 O-O 9. O-O Be6 10. Bxf6 Bxf6 11. Nd5 Bh4 12. Qd3 Rb8 13. Rad1 f5 14. exf5
Rxf5 15. Ne3 Rf7 16. Qxd6 Nd4 17. Qxe5 Nxe2+ 18. Kh1 Qe8 19. Nxh4 Nf4 20. Rfe1
Bd7 21. Qd4 a6 22. Nf3 Bc6 23. Ne5 Nh3 24. Nxf7 {Hossa resigns} 1-0

[Event "ICS Rated blitz match"]
[Site "204.178.125.65"]
[Date "1999.08.02"]
[Round "?"]
[White "Hossa"]
[Black "counterplay"]
[Result "0-1"]
[WhiteElo "2413"]
[BlackElo "2776"]
[PlyCount "143"]
[EventDate "1999.??.??"]

1. e3 d5 2. d4 Bf5 3. c4 c6 4. cxd5 cxd5 5. Bb5+ Nc6 6. Bxc6+ bxc6 7. Ne2 e6 8.
O-O Bd6 9. b3 Nf6 10. Ng3 Bxg3 11. fxg3 O-O 12. Ba3 Re8 13. Nc3 Ng4 14. Qf3 Qg5
15. e4 dxe4 16. Nxe4 Qh6 17. h4 Qe3+ 18. Nf2 Qxd4 19. Rad1 Qb6 20. Rd2 Rad8 21.
Bd6 Ne3 22. Re1 Nd5 23. Be5 f6 24. Bb2 Nb4 25. Red1 Rxd2 26. Rxd2 Rd8 27. Rxd8+
Qxd8 28. a3 Nd5 29. g4 Bg6 30. h5 Bf7 31. Ne4 Qb6+ 32. Kh1 Qa5 33. b4 Qa4 34.
Nd6 a5 35. Nxf7 Kxf7 36. bxa5 Qxa5 37. Qf1 Ne3 38. Qf4 Qe1+ 39. Kh2 e5 40. Qa4
Qh4+ 41. Kg1 Qe1+ 42. Kh2 Nf1+ 43. Kh1 Nd2+ 44. Kh2 Nf3+ 45. gxf3 Qf2+ 46. Kh1
Qxb2 47. Qc4+ Ke7 48. a4 Qb1+ 49. Kg2 Kd6 50. a5 Qb2+ 51. Kg3 Qb5 52. Qxb5 cxb5
53. Kf2 Kc6 54. g5 fxg5 55. Ke2 b4 56. a6 Kb6 57. a7 Kxa7 58. Kd3 g6 59. hxg6
hxg6 60. Kc4 e4 61. fxe4 b3 62. Kxb3 g4 63. e5 Kb6 64. Kc4 g3 65. Kd5 g2 66.
Ke6 g1=Q 67. Kf7 Kc5 68. e6 Kd6 69. e7 Qf2+ 70. Kxg6 Kxe7 71. Kg5 Qf3 72. Kh4 {
Hossa resigns} 0-1

[Event "ICS rated blitz match"]
[Site "204.178.125.65"]
[Date "1999.08.02"]
[Round "?"]
[White "Hossa"]
[Black "Volcom"]
[Result "1-0"]
[WhiteElo "2400"]
[BlackElo "2120"]
[PlyCount "125"]
[EventDate "1999.??.??"]

1. d4 Nf6 2. c4 g6 3. Nc3 Bg7 4. e4 d6 5. f3 O-O 6. Be2 Nbd7 7. Bg5 c5 8. d5 a6
9. Qd2 Qa5 10. Bh6 Rb8 11. O-O-O Bxh6 12. Qxh6 b5 13. a3 b4 14. Nb1 bxa3 15.
Nxa3 Qb4 16. Rd2 Nb6 17. Nc2 Qb3 18. Rd3 Qxc4 19. Ra3 Qa4 20. Rxa4 Nxa4 21. b3
Rxb3 22. Ne3 Bd7 23. Bxa6 Rfb8 24. Nd1 Nb2 25. Nxb2 Rxb2 26. Qg5 Ba4 27. Bd3 c4
28. Qe3 cxd3 29. Qxd3 Nd7 30. g3 Ne5 31. Qc3 Rc2+ 32. Qxc2 Bxc2 33. Kxc2 Ra8
34. f4 Ng4 35. Nf3 Ra2+ 36. Kb3 Rf2 37. Nd4 Rxh2 38. Rxh2 Nxh2 39. Nc6 Kf8 40.
Kc3 Nf1 41. g4 Ng3 42. Kd3 f5 43. exf5 gxf5 44. g5 Kf7 45. Nd8+ Ke8 46. Ne6 Nh5
47. Kd4 Kd7 48. Nf8+ Ke8 49. Ne6 Nxf4 50. Nxf4 Kf7 51. Ke3 e5 52. dxe6+ Ke7 53.
Kd4 d5 54. Kxd5 h6 55. gxh6 Kf6 56. h7 Kg5 57. h8=Q Kxf4 58. Qe5+ Kf3 59. Qxf5+
Kg3 60. e7 Kg2 61. e8=Q Kg3 62. Qe2 Kh4 63. Qef2# {Volcom checkmated} 1-0

[Event "ICS rated blitz match"]
[Site "204.178.125.65"]
[Date "1999.08.02"]
[Round "?"]
[White "Hossa"]
[Black "ratasudaca"]
[Result "1-0"]
[WhiteElo "2404"]
[BlackElo "2171"]
[PlyCount "67"]
[EventDate "1999.??.??"]

1. e4 c5 2. Nf3 e6 3. Nc3 Nc6 4. Bb5 Qb6 5. O-O a6 6. Bxc6 Qxc6 7. d4 cxd4 8.
Nxd4 Qc7 9. Bd2 d6 10. Qh5 Nf6 11. Qf3 Be7 12. Qg3 O-O 13. Bh6 Ne8 14. Bg5 b5
15. Bxe7 Qxe7 16. Rad1 Bb7 17. a3 Rc8 18. Rfe1 Rc4 19. f3 Nf6 20. Nb3 Rd8 21.
Na5 Rc7 22. Nxb7 Rxb7 23. Rd4 e5 24. Rd2 a5 25. Red1 b4 26. axb4 Rxb4 27. b3
Qc7 28. Rd3 Nh5 29. Qxe5 Nf6 30. Kh1 h6 31. Rxd6 Re8 32. Nd5 Rxe5 33. Nxc7 Rc5
34. Na6 {ratasudaca resigns} 1-0

[Event "ICS rated blitz match"]
[Site "204.178.125.65"]
[Date "1999.08.02"]
[Round "?"]
[White "knightmare51"]
[Black "Hossa"]
[Result "1-0"]
[WhiteElo "2296"]
[BlackElo "2411"]
[PlyCount "48"]
[EventDate "1999.??.??"]

1. e4 c5 2. Nf3 Nc6 3. d4 d5 4. exd5 Qxd5 5. Nc3 Qf5 6. d5 Nb4 7. Bb5+ Bd7 8.
O-O Bxb5 9. Nxb5 Nxc2 10. Nc7+ Kd8 11. Nxa8 Nxa1 12. Qa4 Nf6 13. Qxa7 Nxd5 14.
Rd1 f6 15. Qb8+ Kd7 16. Rxd5+ Qxd5 17. Nb6+ Kc6 18. Nxd5 Kxd5 19. Qxb7+ Kd6 20.
Qb6+ Kd5 21. Qd8+ Kc6 22. Be3 e5 23. Nd2 Kb5 24. Qd7+ 24... Ka6 {Hossa resigns}
1-0

[Event "ICS rated blitz match"]
[Site "204.178.125.65"]
[Date "1999.08.02"]
[Round "?"]
[White "Hossa"]
[Black "knightmare51"]
[Result "1/2-1/2"]
[WhiteElo "2390"]
[BlackElo "2317"]
[PlyCount "113"]
[EventDate "1999.??.??"]

1. d4 Nf6 2. c4 g6 3. Nc3 Bg7 4. e4 d6 5. f3 O-O 6. Be2 Nc6 7. d5 Ne5 8. Bg5 c5
9. Qd2 a6 10. Bh6 Rb8 11. Bxg7 Kxg7 12. O-O-O b5 13. cxb5 Qa5 14. bxa6 Bxa6 15.
f4 Neg4 16. e5 Ne4 17. Nxe4 Qxa2 18. Qc3 Bxe2 19. exd6+ Kg8 20. Nxe2 exd6 21.
Nxd6 Rb3 22. Qc2 Ne3 23. Nc3 Qa1+ 24. Kd2 Nxc2 25. Rxa1 Nxa1 26. Rxa1 Rxb2+ 27.
Kd3 Rxg2 28. Ra5 Rxh2 29. Rxc5 Rf2 30. Ke3 Rc2 31. Nce4 Rxc5 32. Nxc5 Rd8 33.
Nde4 f5 34. Ne6 Rxd5 35. Nf6+ Kf7 36. Nxd5 Kxe6 37. Nc7+ Kf6 38. Kf3 g5 39.
fxg5+ Kxg5 40. Ne6+ Kf6 41. Nf4 Kg5 42. Kg3 h5 43. Kf3 h4 44. Nh3+ Kh5 45. Kf4
Kg6 46. Nf2 Kf6 47. Nh1 Kg6 48. Ke5 Kg5 49. Nf2 f4 50. Ke4 f3 51. Ke5 h3 52.
Ne4+ Kg4 53. Kd4 h2 54. Nf2+ Kg3 55. Nh1+ Kg2 56. Ke3 Kxh1 57. Kf2 {
knightmare51 stalemated} 1/2-1/2

[Event "ICS rated blitz match"]
[Site "204.178.125.65"]
[Date "1999.08.02"]
[Round "?"]
[White "ParalyseCabbage"]
[Black "Hossa"]
[Result "0-1"]
[WhiteElo "2068"]
[BlackElo "2387"]
[PlyCount "80"]
[EventDate "1999.??.??"]

1. c4 c6 2. Nc3 d5 3. e3 dxc4 4. Bxc4 c5 5. Qb3 e6 6. f4 Nc6 7. Qc2 a6 8. Nf3
b5 9. Be2 Bb7 10. O-O Nb4 11. Qb1 Nc6 12. b3 Nf6 13. Bb2 Be7 14. a3 O-O 15. Qc2
Bd6 16. Rad1 Rb8 17. Kh1 Qe7 18. Ra1 Rbd8 19. Nd1 Kh8 20. Nf2 Rg8 21. Rac1 Nb8
22. Ng5 Nbd7 23. a4 h6 24. Nge4 Nxe4 25. Nxe4 bxa4 26. bxa4 Bc7 27. Bf3 f5 28.
Nf2 Bxf3 29. gxf3 Qh4 30. d3 Rb8 31. Bc3 Nb6 32. Ra1 Nd5 33. Bd2 Qh5 34. Qd1
Rb2 35. Bc1 Re2 36. Qxe2 Nc3 37. Qc2 Qxf3+ 38. Kg1 Ne2+ 39. Qxe2 Qxe2 40. Re1
40... Qxe1+ {ParalyseCabbage resigns} 0-1

[Event "ICS rated blitz match"]
[Site "204.178.125.65"]
[Date "1999.08.02"]
[Round "?"]
[White "Hossa"]
[Black "ParalyseCabbage"]
[Result "1-0"]
[WhiteElo "2391"]
[BlackElo "2064"]
[PlyCount "49"]
[EventDate "1999.??.??"]

1. e4 c5 2. Nf3 e6 3. Nc3 a6 4. d4 cxd4 5. Nxd4 Nc6 6. Bc4 Qc7 7. O-O Nf6 8.
Bg5 Nxd4 9. Qxd4 Bc5 10. Qd2 Ng4 11. Qf4 Ne5 12. Bb3 h6 13. Bh4 g5 14. Qf6 Rh7
15. Bg3 d6 16. Rad1 Bd7 17. Rd2 Ng4 18. Qf3 h5 19. Rfd1 O-O-O 20. Bxd6 Bxd6 21.
Rxd6 Ne5 22. Qe3 Rg7 23. Na4 f6 24. Nb6+ Kb8 25. Qd4 {ParalyseCabbage resigns}
1-0

[Event "ICS rated blitz match"]
[Site "204.178.125.65"]
[Date "1999.08.02"]
[Round "?"]
[White "ParalyseCabbage"]
[Black "Hossa"]
[Result "0-1"]
[WhiteElo "2060"]
[BlackElo "2395"]
[PlyCount "44"]
[EventDate "1999.??.??"]

1. Nf3 Nf6 2. b3 g6 3. Bb2 Bg7 4. e3 d5 5. Be2 O-O 6. O-O c5 7. c4 dxc4 8. bxc4
Bg4 9. h3 Bxf3 10. Bxf3 Qc7 11. Nc3 Rd8 12. Qc2 Nc6 13. a3 Qd7 14. Nd5 e5 15.
d3 Ne8 16. Bc3 Nd6 17. Rab1 Rab8 18. Rb2 b5 19. cxb5 Nxb5 20. Rfb1 Nxa3 21. Qa4
Nxb1 22. Rxb8 22... Nxb8 {ParalyseCabbage resigns} 0-1

[Event "ICS rated blitz match"]
[Site "204.178.125.65"]
[Date "1999.08.02"]
[Round "?"]
[White "Hossa"]
[Black "pagoda"]
[Result "1-0"]
[WhiteElo "2399"]
[BlackElo "2180"]
[PlyCount "57"]
[EventDate "1999.??.??"]

1. e4 Nf6 2. d3 e5 3. f4 exf4 4. Bxf4 Nc6 5. Ne2 d5 6. e5 Nh5 7. d4 Be7 8. Be3
Bg4 9. Kf2 O-O 10. h3 Bh4+ 11. Kg1 Bxe2 12. Bxe2 Ng3 13. Rh2 Bg5 14. Bf2 Bf4
15. Bf3 Qg5 16. h4 Qh6 17. Rh3 Nf5 18. Bxd5 Rad8 19. Bxc6 bxc6 20. g4 Ne3 21.
Qe2 Nd5 22. c4 Ne7 23. Ra3 Qe6 24. Nc3 Ng6 25. h5 Nxe5 26. dxe5 Rd2 27. Qf3
Qxe5 28. Re1 Qg5 29. Ne4 {pagoda resigns} 1-0